|
|
|
|
| LEADER |
00000nam0a2200000 4500 |
| 001 |
373100 |
| 005 |
20231101050605.0 |
| 035 |
|
|
|a (RuTPU)RU\TPU\retro\30526
|
| 035 |
|
|
|a RU\TPU\book\224294
|
| 090 |
|
|
|a 373100
|
| 100 |
|
|
|a 20221215d1968 km y0rusy50 ca
|
| 101 |
0 |
|
|a rus
|
| 102 |
|
|
|a RU
|
| 105 |
|
|
|a a z 000zy
|
| 200 |
1 |
|
|a Объёмный гидропривод забойного оборудования
|f В. Н. Хорин
|
| 205 |
|
|
|a 2-е изд., доп. и перераб.
|
| 210 |
|
|
|a Москва
|c Недра
|d 1968
|
| 215 |
|
|
|a 421 с.
|c ил.
|
| 610 |
1 |
|
|a гидроприводы
|
| 610 |
1 |
|
|a оборудование
|
| 610 |
1 |
|
|a забойное оборудование
|
| 610 |
1 |
|
|a гидравлика
|
| 610 |
1 |
|
|a насосы
|
| 610 |
1 |
|
|a гидродвигатели
|
| 610 |
1 |
|
|a гидроцилиндры
|
| 610 |
1 |
|
|a клапаны
|
| 675 |
|
|
|a 622.232.8
|v 3
|
| 700 |
|
1 |
|a Хорин
|b В. Н.
|g Владимир Никитович
|
| 801 |
|
1 |
|a RU
|b 63413507
|c 20111214
|
| 801 |
|
2 |
|a RU
|b 63413507
|c 20221215
|g RCR
|
| 942 |
|
|
|c BK
|